000 00926nam1a2200277 4500
001 RU\NLR\BIBL_A\022123641
005 20240922071934.0
035 _a(NLR Aleph) 022123641
090 _a12814608
_c12814608
100 _a20240202g2023 u y0rusy50 ca
101 1 _achi
102 _aRU
105 _a z a
200 1 _aИ завтра буду любить тебя
_eроман
_fЕ Фэйе
_gперевод с китайского Екатерины Якубовой
210 _aМосква
_cАСТ
_d2023
215 _d21
225 1 _aLike Дорама
_iРомантика
333 _a18+
686 1 _aШ6(5Кит)77-440.4{Лх2179-50}
700 0 _7ca
_8rus
_aЕ Фэйе
_9267488
_3RU\NLR\AUTH\770267544
702 1 _aЯкубова
_bЕ.
_gЕкатерина
_4730
852 _aNLR
_j2024-3/1880
942 _cBOOK